000 00471nam a2200157 i 4500
001 149840
003 ES-MaACL
005 20230906203259.0
007 t|
008 071024s1902 sp ||||1| spa d
100 1 _aValverde y Valverde, Calixto.
_9113024
245 1 0 _aPolítica arancelaria /
_cCalixto Valverde y Valverde.
260 _aValladolid :
_b[s.n.],
_c1902 (
_fImp. de La Libertad)
650 4 _aAranceles-
_zEspaña.
_9135595
852 _aES-MaACL
_jT-999-F-10
999 _c149840
_d149840